| 000 | 00666nam a2200265Ia 4500 | ||
|---|---|---|---|
| 008 | 160803s9999 xx 000 0 und d | ||
| 020 | _a978-0606226523 | ||
| 100 | _aFox, Mem | ||
| 245 | _aZoo-looking / | ||
| 245 | _cMem Fox ; illustrated by Candace Whitman. | ||
| 260 | _aNew York : | ||
| 260 | _bScholastic Inc. | ||
| 260 | _c1996 | ||
| 300 | _a1 volume (unpaged) : | ||
| 300 | _bcolor illustrations ; | ||
| 300 | _c23 x 26 cm | ||
| 650 | _aFathers and daughters -- | ||
| 650 | _aStories in rhyme. | ||
| 650 | _aZoo animals -- | ||
| 650 | _aZoos -- | ||
| 650 | _xFiction. | ||
| 650 | _xFiction. | ||
| 650 | _xFiction. | ||
| 700 | _a580 | ||
| 999 |
_c298135 _d298135 |
||